[Event "URU-ch sf"]
[Site "Montevideo"]
[Date "2024.02.11"]
[Round "4"]
[White "Izquierdo, Sebastian"]
[Black "Soto, Nicolas"]
[Result "1/2-1/2"]
[WhiteElo "1948"]
[BlackElo "1991"]
[PlyCount "67"]
[EventDate "2024.02.09"]
[EventType "swiss"]
[EventRounds "7"]
[EventCountry "URU"]
[SourceTitle "CB08_2024"]
[SourceDate "2024.02.21"]
[SourceVersion "1"]
[SourceVersionDate "2024.02.21"]
[SourceQuality "1"]

1. d4 Nf6 2. Nf3 g6 3. g3 Bg7 4. Bg2 d5 5. c4 c6 6. Qb3 0-0 7. 0-0 Nbd7 8. Nc3 Nb6 9. c5 Nbd7 10. Qc2 Re8 11. b4 a6 12. Bb2 Qc7 13. e3 e5 14. dxe5 Nxe5 15. Nxe5 Rxe5 16. Na4 Re7 17. Nb6 Rb8 18. Nxc8 Rxc8 19. Bd4 Nd7 20. Bxg7 Kxg7 21. e4 dxe4 22. Bxe4 f5 23. Bg2 Rce8 24. Rad1 Nf6 25. Rd6 Re1 26. Qc3 Rxf1+ 27. Kxf1 Qe7 28. Bf3 Rd8 29. Rxd8 Qxd8 30. a4 Qd7 31. h4 Kf7 32. Qc4+ Kg7 33. Qc3 Kf7 34. Qc4+ 1/2-1/2

[Event "Montevideo Duchamp Cup 7th"]
[Site "Montevideo"]
[Date "2024.02.06"]
[Round "6"]
[White "Flores Pedreira, Guillermo"]
[Black "Izquierdo, Sebastian"]
[Result "1-0"]
[WhiteElo "1643"]
[BlackElo "1948"]
[PlyCount "83"]
[EventDate "2024.02.01"]
[EventType "swiss"]
[EventRounds "9"]
[EventCountry "URU"]
[SourceTitle "CB07_2024"]
[SourceDate "2024.02.14"]
[SourceVersion "1"]
[SourceVersionDate "2024.02.14"]
[SourceQuality "1"]

1. e4 d5 2. exd5 Nf6 3. Nf3 Nxd5 4. d4 Bg4 5. Be2 e6 6. c4 Nb6 7. 0-0 Be7 8. Nc3 0-0 9. Be3 Nc6 10. d5 exd5 11. Bxb6 axb6 12. Nxd5 Bd6 13. Qd2 Bxf3 14. Bxf3 Qh4 15. g3 Qxc4 16. Nxb6 cxb6 17. Qxd6 Qb5 18. b3 Rac8 19. Rfd1 g6 20. Rac1 Rfd8 21. Qf6 Rxd1+ 22. Rxd1 Qe5 23. Qxe5 Nxe5 24. Bxb7 Rc2 25. a4 Rb2 26. Bd5 Ng4 27. Rd3 Kg7 28. Rf3 f5 29. h3 Nf6 30. Bc4 Ne4 31. Bd5 Nf6 32. Be6 Ne4 33. h4 Kf6 34. Bd5 Nc5 35. Re3 Rd2 36. Bc4 Rb2 37. Re8 Rd2 38. Rc8 Ne4 39. Rc6+ Ke5 40. Rxb6 Rxf2 41. Re6+ Kd4 42. Rxe4+ 1-0

[Event "URU-ch sf2"]
[Site "Colonia del Sacramento"]
[Date "2023.02.19"]
[Round "4"]
[White "Izquierdo, Daniel"]
[Black "Izquierdo, Sebastian"]
[Result "1/2-1/2"]
[WhiteElo "2102"]
[BlackElo "1960"]
[PlyCount "29"]
[EventDate "2023.02.17"]
[EventType "swiss"]
[EventRounds "7"]
[EventCountry "URU"]
[SourceTitle "CBM 213 Extra"]
[Source "ChessBase"]
[SourceDate "2023.05.31"]
[SourceVersion "1"]
[SourceVersionDate "2023.05.31"]
[SourceQuality "1"]

1. e4 c6 2. d4 d5 3. Nd2 dxe4 4. Nxe4 Bf5 5. Ng3 Bg6 6. h4 h6 7. Nf3 Nd7 8. h5 Bh7 9. Bd3 Bxd3 10. Qxd3 e6 11. Bf4 Qa5+ 12. Bd2 Qc7 13. 0-0-0 0-0-0 14. Ne4 Ngf6 15. c4 1/2-1/2

[Event "URU-ch sf2"]
[Site "Colonia del Sacramento"]
[Date "2023.02.18"]
[Round "2"]
[White "Izquierdo, Sebastian"]
[Black "De Leon, Jeronimo"]
[Result "1-0"]
[WhiteElo "1960"]
[BlackElo "1459"]
[PlyCount "107"]
[EventDate "2023.02.17"]
[EventType "swiss"]
[EventRounds "7"]
[EventCountry "URU"]
[SourceTitle "CBM 213 Extra"]
[Source "ChessBase"]
[SourceDate "2023.05.31"]
[SourceVersion "1"]
[SourceVersionDate "2023.05.31"]
[SourceQuality "1"]

1. d4 Nf6 2. Nf3 d5 3. g3 c5 4. Bg2 Nc6 5. 0-0 cxd4 6. Nxd4 e5 7. Nxc6 bxc6 8. c4 Be6 9. Nc3 Rc8 10. cxd5 cxd5 11. Bg5 d4 12. Ne4 Be7 13. Nxf6+ Bxf6 14. Bxf6 Qxf6 15. Qa4+ Bd7 16. Qxa7 Qe6 17. e3 d3 18. Qa3 Bc6 19. Bxc6+ Rxc6 20. Qxd3 0-0 21. Rfd1 h6 22. Qd5 Qf6 23. Rd2 Rfc8 24. Rad1 Kh7 25. b4 Rc4 26. a3 e4 27. b5 Qf3 28. Rd4 Rc1 29. Qxe4+ Qxe4 30. Rxe4 Rxd1+ 31. Kg2 Ra1 32. Re7 f6 33. Ra7 Rc3 34. a4 Rca3 35. b6 Rb1 36. a5 Rb5 37. b7 Rxb7 38. Rxb7 Rxa5 39. h4 Kg6 40. Rb6 Kf5 41. Kf3 g5 42. g4+ Kg6 43. h5+ Kg7 44. Rb7+ Kg8 45. Ke4 Ra2 46. Kf5 Rxf2+ 47. Kg6 Kf8 48. Rf7+ Kg8 49. Rxf6 Re2 50. Re6 Kf8 51. Kxh6 Kf7 52. Re5 Kf6 53. Rf5+ Ke6 54. Rf3 1-0

[Event "URU-ch sf2"]
[Site "Colonia del Sacramento"]
[Date "2023.02.17"]
[Round "1"]
[White "Pelaez, Diego"]
[Black "Izquierdo, Sebastian"]
[Result "1/2-1/2"]
[WhiteElo "1560"]
[BlackElo "1960"]
[PlyCount "103"]
[EventDate "2023.02.17"]
[EventType "swiss"]
[EventRounds "7"]
[EventCountry "URU"]
[SourceTitle "CBM 213 Extra"]
[Source "ChessBase"]
[SourceDate "2023.05.31"]
[SourceVersion "1"]
[SourceVersionDate "2023.05.31"]
[SourceQuality "1"]

1. d4 Nf6 2. c4 e6 3. Nf3 Bb4+ 4. Bd2 Qe7 5. a3 Bxd2+ 6. Nbxd2 d6 7. g3 e5 8. e3 0-0 9. Bg2 Nc6 10. d5 Nb8 11. 0-0 a5 12. b4 Na6 13. Qb3 Bg4 14. h3 Bd7 15. Rfc1 axb4 16. axb4 c5 17. dxc6 bxc6 18. Ne1 Rfb8 19. b5 Nc5 20. Rxa8 Rxa8 21. Qc2 Rc8 22. bxc6 Bxc6 23. Bxc6 Rxc6 24. Qa2 Ra6 25. Qc2 g6 26. Nd3 Nxd3 27. Qxd3 Qc7 28. Ne4 Nxe4 29. Qxe4 Rc6 30. g4 Rc5 31. f4 d5 32. Qxe5 Qxe5 33. fxe5 dxc4 34. Kf2 Kf8 35. Kf3 Ke7 36. Ke4 Ke6 37. Kd4 Rd5+ 38. Kxc4 Kxe5 39. Rf1 Rd7 40. Rf4 f6 41. Rd4 Ra7 42. Kd3 f5 43. gxf5 gxf5 44. Rh4 Kf6 45. Rc4 Ra5 46. Rc6+ Kg5 47. h4+ Kh5 48. Rc4 Ra3+ 49. Ke2 Ra2+ 50. Kf3 Rh2 51. Kg3 Re2 52. Kf3 1/2-1/2

[Event "Montevideo Duchamp Cup 6th"]
[Site "Montevideo"]
[Date "2023.02.11"]
[Round "9"]
[White "Martinez Sandoval, David"]
[Black "Izquierdo, Sebastian"]
[Result "1-0"]
[WhiteElo "2117"]
[BlackElo "1960"]
[PlyCount "41"]
[EventDate "2023.02.03"]
[EventType "swiss"]
[EventRounds "9"]
[EventCountry "URU"]
[SourceTitle "CBM 212 Extra"]
[Source "ChessBase"]
[SourceDate "2023.03.31"]
[SourceVersion "1"]
[SourceVersionDate "2023.03.31"]
[SourceQuality "1"]

1. e4 c6 2. d3 d5 3. Nd2 e5 4. Ngf3 Bd6 5. Qe2 Qe7 6. d4 exd4 7. exd5 Qxe2+ 8. Bxe2 c5 9. Nc4 Bf8 10. Bf4 b6 11. c3 dxc3 12. 0-0-0 cxb2+ 13. Kxb2 f6 14. Rhe1 g6 15. Nce5 Nd7 16. Bb5 Ne7 17. Nc4 Kd8 18. Bc6 Ba6 19. Nd6 Rc8 20. Nf7+ Ke8 21. Nxh8 1-0

[Event "Montevideo Duchamp Cup 6th"]
[Site "Montevideo"]
[Date "2023.02.03"]
[Round "1"]
[White "Fuentes, Agustin1111"]
[Black "Izquierdo, Sebastian"]
[Result "0-1"]
[WhiteElo "1490"]
[BlackElo "1960"]
[PlyCount "102"]
[EventDate "2023.02.03"]
[EventType "swiss"]
[EventRounds "9"]
[EventCountry "URU"]
[SourceTitle "CBM 212 Extra"]
[Source "ChessBase"]
[SourceDate "2023.03.31"]
[SourceVersion "1"]
[SourceVersionDate "2023.03.31"]
[SourceQuality "1"]

1. d4 Nf6 2. c4 e6 3. Nf3 Bb4+ 4. Bd2 Qe7 5. a3 Bxd2+ 6. Nbxd2 d6 7. e4 e5 8. d5 0-0 9. b4 a5 10. Bd3 Na6 11. Bc2 Bd7 12. b5 Nc5 13. 0-0 a4 14. Rb1 Ra5 15. b6 c6 16. Nh4 Nfxe4 17. Nxe4 Nxe4 18. Bxe4 Qxh4 19. dxc6 Qxe4 20. cxd7 Qc6 21. Qd2 Rc5 22. Qg5 Qxd7 23. Rfd1 h6 24. Qe3 Rfc8 25. Rd5 Rxc4 26. h3 Qe6 27. Qd3 R8c6 28. Ra5 e4 29. Qg3 Kh7 30. Ra7 Qd7 31. Ra8 Rc1+ 32. Rxc1 Rxc1+ 33. Kh2 Rb1 34. Qf4 d5 35. Rf8 Rxb6 36. Rxf7 Qd6 37. Qxd6 Rxd6 38. Rxb7 Kg6 39. Kg1 Kf6 40. Kf1 g5 41. Rb4 Ra6 42. Ke2 Ke5 43. Ke3 h5 44. g3 h4 45. g4 Rf6 46. Rxa4 Rf3+ 47. Ke2 Rxh3 48. Ra8 Kf4 49. Rd8 Rxa3 50. Rxd5 Kxg4 51. Re5 Kf4 0-1

[Event "Las Canas Easter op 1st"]
[Site "Las Canas"]
[Date "2022.04.16"]
[Round "2"]
[White "De Lima, Adriano Gaspar"]
[Black "Izquierdo, Sebastian"]
[Result "1-0"]
[WhiteElo "1595"]
[BlackElo "1952"]
[PlyCount "96"]
[EventDate "2022.04.16"]
[EventType "swiss"]
[EventRounds "5"]
[EventCountry "URU"]
[SourceTitle "CBM 207 Extra"]
[Source "ChessBase"]
[SourceDate "2022.05.31"]
[SourceVersion "1"]
[SourceVersionDate "2022.05.31"]
[SourceQuality "1"]

1. d4 Nf6 2. Nc3 d5 3. Bf4 c6 4. f3 Bf5 5. g4 Bg6 6. h4 h6 7. e3 e6 8. Bd3 Bxd3 9. Qxd3 Bd6 10. Nge2 Bxf4 11. Nxf4 Qc7 12. 0-0-0 e5 13. Nfe2 Nbd7 14. g5 Ng8 15. Rdg1 0-0-0 16. Qf5 Rf8 17. dxe5 Qxe5 18. Qxe5 Nxe5 19. f4 Nc4 20. e4 dxe4 21. Nxe4 g6 22. N2c3 Ne7 23. b3 Ne3 24. Nf6 h5 25. Nce4 N7f5 26. Ng3 Nd4 27. Re1 Nexc2 28. Re7 Nb4 29. Kb2 c5 30. Kb1 Nbc6 31. Rd7 Re8 32. Rxf7 Re3 33. Nge4 b6 34. Nd6+ Kb8 35. Rb7+ Ka8 36. Nd5 Nb5 37. Nxb5 Rxb3+ 38. axb3 Kxb7 39. Re1 Rd8 40. Ne7 a6 41. Nxc6 Kxc6 42. Nc3 Rd6 43. Kc2 b5 44. Re5 Kb6 45. Ne4 Rd4 46. Re6+ Ka5 47. Nxc5 Rxf4 48. Rxa6+ Kb4 1-0

[Event "URU-ch sf"]
[Site "Montevideo"]
[Date "2020.02.23"]
[Round "4"]
[White "Izquierdo, Sebastian"]
[Black "Guerrero, Alvaro"]
[Result "0-1"]
[WhiteElo "1950"]
[BlackElo "2094"]
[PlyCount "110"]
[EventDate "2020.02.21"]
[EventType "swiss"]
[EventRounds "8"]
[EventCountry "URU"]
[SourceTitle "CBM 195 Extra"]
[Source "ChessBase"]
[SourceDate "2020.05.31"]
[SourceVersion "1"]
[SourceVersionDate "2020.05.31"]
[SourceQuality "1"]

1. d4 f5 2. Nf3 Nf6 3. c4 g6 4. g3 Bg7 5. Bg2 0-0 6. 0-0 d6 7. Nc3 Na6 8. d5 Qe8 9. Nd4 Bd7 10. e4 fxe4 11. Nxe4 Nxe4 12. Bxe4 Nc5 13. Bg2 Qf7 14. Be3 a5 15. Qd2 a4 16. Bh6 Qf6 17. Bxg7 Kxg7 18. Rfe1 Rae8 19. Re3 e5 20. dxe6 Bxe6 21. Rae1 Bd7 22. Rxe8 Rxe8 23. Rxe8 Bxe8 24. b4 axb3 25. axb3 Bf7 26. Qe3 c6 27. h3 Qe5 28. Qd2 Nd7 29. Nf3 Qe7 30. Qd4+ Kg8 31. h4 Nc5 32. Nd2 Qe1+ 33. Kh2 Qe5 34. Qxe5 dxe5 35. Kg1 Kg7 36. Kf1 Nxb3 37. Ke2 Nxd2 38. Kxd2 Bxc4 39. Kc3 Bd5 40. Bf1 b6 41. Kb4 Bf3 42. Bh3 Be2 43. Bd7 c5+ 44. Kc3 b5 45. Kd2 Bc4 46. Kc3 Kf6 47. g4 h6 48. f3 Be2 49. Bc6 b4+ 50. Kd2 Bc4 51. Be4 Ba2 52. Kc2 g5 53. hxg5+ Kxg5 54. Kd2 c4 55. Kc2 c3 0-1

[Event "URU-ch sf"]
[Site "Montevideo"]
[Date "2020.02.22"]
[Round "2"]
[White "Izquierdo, Sebastian"]
[Black "Izquierdo, Daniel"]
[Result "1/2-1/2"]
[WhiteElo "1950"]
[BlackElo "2134"]
[PlyCount "24"]
[EventDate "2020.02.21"]
[EventType "swiss"]
[EventRounds "8"]
[EventCountry "URU"]
[SourceTitle "CBM 195 Extra"]
[Source "ChessBase"]
[SourceDate "2020.05.31"]
[SourceVersion "1"]
[SourceVersionDate "2020.05.31"]
[SourceQuality "1"]

1. d4 Nf6 2. Nf3 g6 3. g3 Bg7 4. Bg2 0-0 5. 0-0 d6 6. c4 Nc6 7. Nc3 a6 8. d5 Na5 9. Nd2 c5 10. Qc2 Rb8 11. b3 b5 12. Rb1 e5 1/2-1/2

[Event "URU-ch sf"]
[Site "Montevideo"]
[Date "2020.02.21"]
[Round "1"]
[White "Amaral, Francisco"]
[Black "Izquierdo, Sebastian"]
[Result "0-1"]
[WhiteElo "1567"]
[BlackElo "1950"]
[PlyCount "104"]
[EventDate "2020.02.21"]
[EventType "swiss"]
[EventRounds "8"]
[EventCountry "URU"]
[SourceTitle "CBM 195 Extra"]
[Source "ChessBase"]
[SourceDate "2020.05.31"]
[SourceVersion "1"]
[SourceVersionDate "2020.05.31"]
[SourceQuality "1"]

1. e4 c5 2. Nf3 e6 3. d4 cxd4 4. Nxd4 Nc6 5. Be3 Nf6 6. Nd2 Be7 7. c3 0-0 8. g3 a6 9. Bg2 Ne5 10. h3 Nd3+ 11. Ke2 Ne5 12. Re1 d5 13. Kf1 Nd3 14. Re2 e5 15. Nf5 Bxf5 16. exf5 Qd7 17. Nf3 e4 18. Nd4 Ne5 19. a4 Rac8 20. Kg1 Nc4 21. Bg5 Rfd8 22. b3 Nd6 23. Rc1 Nxf5 24. Rd2 Nxd4 25. Rxd4 Qf5 26. Bh4 Bc5 27. g4 Qe6 28. Rd2 e3 29. Re2 exf2+ 30. Bxf2 Bxf2+ 31. Rxf2 Ne4 32. Rf3 h6 33. b4 Qb6+ 34. Kh2 Qd6+ 35. Kg1 Qe5 36. Rf5 Qg3 37. Rf3 Qc7 38. Qd4 Ng5 39. Rd3 Ne6 40. Qf2 d4 41. c4 Nf4 42. Rd2 g5 43. Kh1 d3 44. c5 b6 45. Rc4 bxc5 46. Rxc5 Qd6 47. Qe3 Re8 48. Rxc8 Rxc8 49. Rb2 Rc2 50. Rxc2 dxc2 51. Bf3 Qd1+ 52. Kh2 Ne6 0-1

[Event "Mendoza ITT"]
[Site "Mendoza"]
[Date "2020.01.28"]
[Round "5"]
[White "Wisniacki, Flavio"]
[Black "Izquierdo, Sebastian"]
[Result "1-0"]
[WhiteElo "2140"]
[BlackElo "1962"]
[PlyCount "63"]
[EventDate "2020.01.26"]
[EventType "tourn"]
[EventRounds "9"]
[EventCountry "ARG"]
[SourceTitle "CBM 195 Extra"]
[Source "ChessBase"]
[SourceDate "2020.05.31"]
[SourceVersion "1"]
[SourceVersionDate "2020.05.31"]
[SourceQuality "1"]

1. c4 c5 2. Nf3 Nf6 3. d4 cxd4 4. Nxd4 Nc6 5. Nc3 g6 6. Nc2 Bg7 7. e4 d6 8. Be2 0-0 9. 0-0 Ne8 10. Be3 Bxc3 11. bxc3 Qa5 12. Qd2 Nf6 13. f3 Be6 14. Nb4 Rac8 15. Nd5 Bxd5 16. cxd5 Ne5 17. Bd4 Nc4 18. Qh6 e5 19. Bf2 Nh5 20. Rfc1 Nf4 21. Bf1 Nd2 22. g3 Nxf1 23. gxf4 Nd2 24. f5 Nxf3+ 25. Kg2 f6 26. Kxf3 Rxc3+ 27. Be3 g5 28. Rxc3 Qxc3 29. Rc1 Qd3 30. Rc7 Qf1+ 31. Kg3 Qe1+ 32. Bf2 1-0

[Event "Mendoza ITT"]
[Site "Mendoza"]
[Date "2020.01.27"]
[Round "2"]
[White "Izquierdo, Sebastian"]
[Black "Jimenez, Jose Mauricio"]
[Result "0-1"]
[WhiteElo "1962"]
[BlackElo "2229"]
[PlyCount "124"]
[EventDate "2020.01.26"]
[EventType "tourn"]
[EventRounds "9"]
[EventCountry "ARG"]
[SourceTitle "CBM 195 Extra"]
[Source "ChessBase"]
[SourceDate "2020.05.31"]
[SourceVersion "1"]
[SourceVersionDate "2020.05.31"]
[SourceQuality "1"]

1. d4 Nf6 2. Nf3 b6 3. g3 Bb7 4. Bg2 c5 5. 0-0 e6 6. c4 Be7 7. Nc3 d6 8. d5 e5 9. e4 0-0 10. Nh4 Bc8 11. Nf5 Re8 12. Nxe7+ Qxe7 13. h3 h6 14. f4 exf4 15. Bxf4 g5 16. Bd2 Nbd7 17. Qf3 Kg7 18. Rae1 Ne5 19. Qe2 Bd7 20. Rf2 Rf8 21. Ref1 Nh7 22. b3 f6 23. Nd1 a5 24. a4 Rf7 25. Bc3 Re8 26. Ne3 Nf8 27. Nf5+ Bxf5 28. Rxf5 Nfd7 29. Qh5 Rff8 30. Qe2 Qf7 31. Kh2 Qg6 32. Bf3 Nxf3+ 33. Qxf3 Rf7 34. Kg1 h5 35. g4 hxg4 36. hxg4 Rh8 37. Qg3 Rh4 38. R1f2 Qh6 39. Rh2 Kg6 40. Rxh4 gxh4 41. Qe1 Rh7 42. Bd2 Qg7 43. Kh1 Qh8 44. Bc3 Qe8 45. Qe3 Qe7 46. Kg2 h3+ 47. Kh2 Rh4 48. Qg3 Qxe4 49. Rf4 Qg2+ 50. Qxg2 hxg2+ 51. Kxg2 Kg5 52. Kg3 Rh1 53. Rf5+ Kg6 54. Rf3 Rb1 55. Bd2 Ne5 56. Rc3 Rg1+ 57. Kf2 Rxg4 58. Rg3 Kf5 59. Rxg4 Nxg4+ 60. Kg3 Ne5 61. Bh6 Ke4 62. Bf8 Nf7 0-1

[Event "Concepcion del Uruguay op"]
[Site "Concepcion del Uruguay"]
[Date "2019.05.04"]
[Round "4"]
[White "Izquierdo, Sebastian"]
[Black "Mosconi, Ariel Oscar"]
[Result "1-0"]
[WhiteElo "1968"]
[BlackElo "2074"]
[PlyCount "61"]
[EventDate "2019.05.03"]
[EventType "swiss"]
[EventRounds "6"]
[EventCountry "ARG"]
[SourceTitle "CBM 190 Extra"]
[Source "ChessBase"]
[SourceDate "2019.07.15"]
[SourceVersion "1"]
[SourceVersionDate "2019.07.15"]
[SourceQuality "1"]

1. d4 g6 2. Nf3 Bg7 3. g3 d5 4. Bg2 e6 5. c4 Ne7 6. Nc3 0-0 7. cxd5 exd5 8. 0-0 c6 9. Bg5 f6 10. Bc1 Na6 11. b3 Nc7 12. Ba3 Re8 13. Bxe7 Qxe7 14. Rc1 Bh6 15. e3 Ne6 16. Na4 Ng7 17. Re1 Nf5 18. Rc3 Qb4 19. Qa1 Nd6 20. a3 Qa5 21. Rec1 Qd8 22. Nc5 a5 23. Qb2 Qc7 24. Nd2 Nb5 25. R3c2 Bf5 26. a4 Bxc2 27. axb5 Bf5 28. bxc6 bxc6 29. Qc3 Bg4 30. Bf1 g5 31. Na4 1-0

[Event "American Continental 14th"]
[Site "Montevideo"]
[Date "2018.06.10"]
[Round "11"]
[White "Guerrero, Alvaro"]
[Black "Izquierdo, Sebastian"]
[Result "1-0"]
[WhiteElo "2116"]
[BlackElo "1992"]
[PlyCount "74"]
[EventDate "2018.06.01"]
[EventType "swiss"]
[EventRounds "11"]
[EventCountry "URU"]
[SourceTitle "EXT 2019"]
[Source "ChessBase"]
[SourceDate "2018.10.10"]
[SourceVersion "1"]
[SourceVersionDate "2018.10.10"]
[SourceQuality "1"]

1. d4 d5 2. Nf3 c6 3. g3 f5 4. Bg2 e6 5. 0-0 Bd6 6. b3 Qe7 7. Bb2 Nf6 8. c4 0-0 9. Qc1 a5 10. c5 Bc7 11. Nc3 Nbd7 12. Na4 e5 13. dxe5 Nxe5 14. Nb6 Nxf3+ 15. exf3 Bxb6 16. cxb6 Qf7 17. Re1 Ra6 18. Bd4 Nd7 19. Bf1 Ra8 20. Qa3 Re8 21. f4 Nf8 22. b4 Ne6 23. Be5 Qe7 24. Bc3 Bd7 25. Qb2 axb4 26. Bxb4 Qf7 27. Rac1 Qf6 28. Re5 Nf8 29. Bc3 Rxe5 30. Bxe5 Qe7 31. Ra1 Ne6 32. a4 Qc5 33. Bd3 Qf8 34. a5 Nc5 35. Bf1 Na6 36. Rd1 Kf7 37. Bd3 g6 1-0

[Event "American Continental 14th"]
[Site "Montevideo"]
[Date "2018.06.08"]
[Round "9"]
[White "Izquierdo, Sebastian"]
[Black "Markzon, Gregory"]
[Result "0-1"]
[WhiteElo "1992"]
[BlackElo "2144"]
[PlyCount "98"]
[EventDate "2018.06.01"]
[EventType "swiss"]
[EventRounds "11"]
[EventCountry "URU"]
[SourceTitle "CBM 184 Extra"]
[Source "ChessBase"]
[SourceDate "2018.06.28"]
[SourceVersion "1"]
[SourceVersionDate "2018.06.28"]
[SourceQuality "1"]

1. d4 Nf6 2. Nf3 e6 3. g3 c5 4. c4 cxd4 5. Nxd4 Nc6 6. Bg2 Qb6 7. Nb3 a5 8. 0-0 a4 9. N3d2 Bc5 10. e3 0-0 11. Nc3 a3 12. b3 Be7 13. Rb1 d5 14. Qe2 Qa5 15. Nb5 Bd7 16. Nf3 e5 17. Bd2 Qb6 18. Bc3 e4 19. Ne1 Bg4 20. Qc2 Rac8 21. h3 Bh5 22. g4 Bg6 23. Qc1 dxc4 24. Nxa3 cxb3 25. Rxb3 Qc5 26. Qb2 h5 27. Nec2 hxg4 28. Rb5 Qd6 29. Be5 Nxe5 30. Rxe5 Rc5 31. Rxc5 Qxc5 32. Nb5 gxh3 33. Bxh3 Qg5+ 34. Kh2 Qh4 35. Ncd4 Ng4+ 36. Kg2 Bf6 37. Qe2 Ne5 38. Kh2 Bh5 39. f3 exf3 40. Nxf3 Nxf3+ 41. Rxf3 Bxf3 42. Qxf3 Qg5 43. Nd4 Bxd4 44. exd4 Qd2+ 45. Bg2 Qxd4 46. Qxb7 Qf4+ 47. Kg1 Re8 48. Qf3 Re1+ 49. Kf2 Qd2+ 0-1

[Event "American Continental 14th"]
[Site "Montevideo"]
[Date "2018.06.07"]
[Round "7"]
[White "Izquierdo, Sebastian"]
[Black "Ferrari, Carlos"]
[Result "1-0"]
[WhiteElo "1992"]
[BlackElo "1703"]
[PlyCount "79"]
[EventDate "2018.06.01"]
[EventType "swiss"]
[EventRounds "11"]
[EventCountry "URU"]
[SourceTitle "CBM 184 Extra"]
[Source "ChessBase"]
[SourceDate "2018.06.28"]
[SourceVersion "1"]
[SourceVersionDate "2018.06.28"]
[SourceQuality "1"]

1. d4 Nf6 2. Nf3 d5 3. c4 e6 4. g3 Nbd7 5. Bg2 c5 6. cxd5 exd5 7. dxc5 Bxc5 8. 0-0 0-0 9. Nc3 Nb6 10. Nd4 Be6 11. b3 Rc8 12. Bb2 Nbd7 13. e3 a6 14. h3 Ba7 15. Rc1 h6 16. Nce2 Qe7 17. Nf4 Bb8 18. Ndxe6 fxe6 19. Ng6 Qf7 20. Nxf8 Rxf8 21. Qd3 Qh5 22. Rc2 Bd6 23. Rfc1 Ne8 24. f4 Qf7 25. e4 dxe4 26. Bxe4 Qe7 27. Bg2 e5 28. Bd5+ Kh8 29. f5 Qg5 30. h4 Qg4 31. Qf3 Qb4 32. Bxb7 Nef6 33. Rc4 Qb6+ 34. Kg2 e4 35. Bxe4 Re8 36. Rc8 Rxc8 37. Rxc8+ Kh7 38. Bc2 Qa5 39. Bd3 Qb6 40. Qc6 1-0

[Event "American Continental 14th"]
[Site "Montevideo"]
[Date "2018.06.04"]
[Round "5"]
[White "Izquierdo, Sebastian"]
[Black "Coppola, Claudio"]
[Result "1/2-1/2"]
[WhiteElo "1992"]
[BlackElo "2228"]
[PlyCount "90"]
[EventDate "2018.06.01"]
[EventType "swiss"]
[EventRounds "11"]
[EventCountry "URU"]
[SourceTitle "CBM 184 Extra"]
[Source "ChessBase"]
[SourceDate "2018.06.28"]
[SourceVersion "1"]
[SourceVersionDate "2018.06.28"]
[SourceQuality "1"]

1. c4 Nf6 2. Nc3 c5 3. g3 d5 4. cxd5 Nxd5 5. Bg2 Nc7 6. d3 Nc6 7. Be3 e5 8. Bxc6+ bxc6 9. Qa4 Bd7 10. Nf3 f6 11. 0-0 Nd5 12. Bd2 Nxc3 13. Bxc3 Be7 14. Rac1 0-0 15. Rc2 Bh3 16. Rfc1 Qd5 17. Qc4 a5 18. e4 Qf7 19. Qxf7+ Kxf7 20. Bd2 Rfd8 21. Ne1 a4 22. Be3 Rab8 23. b3 axb3 24. axb3 Rxb3 25. Bxc5 Bxc5 26. Rxc5 Rd6 27. R5c3 Rb2 28. R3c2 Rb6 29. f3 Bc8 30. Kf2 Ba6 31. Ke3 Ke7 32. Ra1 Kd7 33. Rcc1 Kc7 34. Rcb1 c5 35. Rxb6 Rxb6 36. Kd2 g6 37. Kc3 f5 38. Ra5 Kd6 39. Nc2 fxe4 40. fxe4 Rc6 41. Ne3 Ke6 42. Nd5 Kf7 43. Ne3 h5 44. Nc4 Kf6 45. h4 Ke6 1/2-1/2

[Event "American Continental 14th"]
[Site "Montevideo"]
[Date "2018.06.01"]
[Round "1"]
[White "Izquierdo, Sebastian"]
[Black "Cori Quispe, Kevin Joel"]
[Result "0-1"]
[WhiteElo "1992"]
[BlackElo "2468"]
[PlyCount "94"]
[EventDate "2018.06.01"]
[EventType "swiss"]
[EventRounds "11"]
[EventCountry "URU"]
[SourceTitle "CBM 184 Extra"]
[Source "ChessBase"]
[SourceDate "2018.06.28"]
[SourceVersion "1"]
[SourceVersionDate "2018.06.28"]
[SourceQuality "1"]

1. d4 Nf6 2. Nf3 e6 3. c4 Bb4+ 4. Bd2 Qe7 5. g3 Nc6 6. Bg2 Bxd2+ 7. Nbxd2 d6 8. 0-0 a5 9. a3 0-0 10. Qc2 e5 11. d5 Nb8 12. e4 Na6 13. Ne1 Bg4 14. f3 Bd7 15. Nd3 c6 16. Rfc1 Rfc8 17. Qb3 Qd8 18. Kh1 a4 19. Qd1 cxd5 20. cxd5 Bb5 21. Bf1 Qb6 22. Rxc8+ Rxc8 23. Rc1 Rxc1 24. Qxc1 g6 25. Kg2 Nd7 26. Nf2 Bxf1+ 27. Nxf1 Nac5 28. Nd2 h5 29. h4 Kg7 30. Qc3 Qa6 31. Qc4 Qa5 32. Qc2 Qb5 33. Nc4 Qa6 34. Qc3 Nb3 35. f4 b5 36. Nd2 Nbc5 37. fxe5 Nxe5 38. Nf3 Ncd7 39. Nd4 Qb6 40. Qb4 Nc4 41. Qc3 Nde5 42. Nd1 Kh7 43. Ne3 b4 44. axb4 Nxe3+ 45. Qxe3 Qxb4 46. Qf2 Kg7 47. Kh3 Ng4 0-1

[Event "Gualeguaychu U2000"]
[Site "Gualeguaychu"]
[Date "2018.05.12"]
[Round "3.1"]
[White "Izquierdo, Sebastian"]
[Black "Ledesma, Israel"]
[Result "0-1"]
[WhiteElo "1998"]
[BlackElo "1858"]
[PlyCount "62"]
[EventDate "2018.05.12"]
[EventType "swiss"]
[EventRounds "5"]
[EventCountry "ARG"]
[SourceTitle "EXT 2024"]
[Source "ChessBase"]
[SourceDate "2023.10.10"]
[SourceVersion "1"]
[SourceVersionDate "2023.10.10"]
[SourceQuality "1"]

1. d4 g6 2. Nf3 Bg7 3. g3 c5 4. d5 Nf6 5. c4 b5 6. cxb5 Qa5+ 7. Bd2 Qxb5 8. Nc3 Qb7 9. e4 d6 10. Bb5+ Nbd7 11. Bc6 Qb8 12. Bxa8 Qxa8 13. 0-0 0-0 14. Bg5 Qb8 15. Qb3 Qc7 16. Rfe1 Ba6 17. Qa4 Qb7 18. Qc2 Rb8 19. Rab1 h6 20. Bf4 g5 21. Bc1 g4 22. Nh4 Ne5 23. Rd1 Nf3+ 24. Nxf3 gxf3 25. Rd3 Qd7 26. Rxf3 Qh3 27. Rd3 Ng4 28. Nd1 Qxh2+ 29. Kf1 Qh1+ 30. Ke2 Ne5 31. Be3 Qxe4 0-1

[Event "Federacion op 1st"]
[Site "Federacion"]
[Date "2017.11.11"]
[Round "3"]
[White "Izquierdo, Sebastian"]
[Black "Gomez Baillo, Jorge H"]
[Result "0-1"]
[WhiteElo "2021"]
[BlackElo "2386"]
[PlyCount "49"]
[EventDate "2017.11.10"]
[EventType "swiss"]
[EventRounds "6"]
[EventCountry "ARG"]
[SourceTitle "EXT 2019"]
[Source "ChessBase"]
[SourceDate "2018.10.10"]
[SourceVersion "1"]
[SourceVersionDate "2018.10.10"]
[SourceQuality "1"]

1. d4 c5 2. d5 e5 3. c4 d6 4. e4 Be7 5. Bd3 Bg5 6. Nf3 Bxc1 7. Qxc1 Nf6 8. 0-0 Nbd7 9. Re1 Nf8 10. Nc3 Ng6 11. g3 Bh3 12. Bf1 Qd7 13. Bxh3 Qxh3 14. Re3 0-0 15. Qf1 Qh6 16. Qg2 Nh5 17. Kh1 Ne7 18. Ng1 f5 19. Qh3 Qg5 20. Nf3 Qh6 21. Qh4 Rf6 22. Qg5 Raf8 23. Qxh6 gxh6 24. Nh4 f4 25. Re2 0-1